| 000 | 00761nam a22002177a 4500 | ||
|---|---|---|---|
| 003 | OSt | ||
| 008 | 220727b |||||||| |||| 00| 0 eng d | ||
| 020 | _a9390591392 | ||
| 020 | _a9789390591398 | ||
| 082 |
_a629.892 _bRAJ/RO |
||
| 100 |
_aRajesh Singh _95206 |
||
| 100 |
_aAnita Gehlot _95234 |
||
| 100 |
_aMahendra Swain _95235 |
||
| 100 |
_aNitish Katal _95236 |
||
| 245 | _aRobotics In Agriculture | ||
| 260 |
_aNew Delhi _bNew India Publishing Agency _c2021 |
||
| 300 | _a107p | ||
| 505 | _aRobotics, Agricultural industries -- Automation, Robots, Industrial. | ||
| 856 | _uhttps://books.google.co.in/books?id=m3psEAAAQBAJ&pg=PP4&dq=robotics+in+agriculture&source=gbs_selected_pages&cad=2#v=onepage&q=robotics%20in%20agriculture&f=false | ||
| 942 | _cBK | ||
| 999 |
_c17535 _d17535 |
||